Digital signal processing

Gespeichert in:
Bibliographische Detailangaben
1. Verfasser: Thomas J. Cavicchi
Format: Buch
Sprache:Undetermined
Veröffentlicht: New York John Wiley and Sons 2000
Schlagworte:
Tags: Tag hinzufügen
Keine Tags, Fügen Sie den ersten Tag hinzu!
Thư viện lưu trữ: Trung tâm Học liệu Trường Đại học Cần Thơ
LEADER 00493nam a2200181Ia 4500
001 CTU_56297
008 210402s9999 xx 000 0 und d
082 |a 621.3822 
082 |b C382 
100 |a Thomas J. Cavicchi 
245 0 |a Digital signal processing 
245 0 |c Thomas J. Cavicchi 
260 |a New York 
260 |b John Wiley and Sons 
260 |c 2000 
650 |a signal processing 
650 |x digital techniques 
980 |a Trung tâm Học liệu Trường Đại học Cần Thơ